000
00307nam a2200109 4500
999
_c
10650
_d
10650
008
180913b ||||| |||| 00| 0 eng d
245
_a
North Korea expels BBC journalist.
260
_a
Philippines
_b
Philippine Daily Inquirer
_c
c2016
300
_a
page A19.
650
0
_9
31110
_a
Journalist.
942
_2
ddc
_c
PER